| 000 | 00585nam a2200205 i 4500 | ||
|---|---|---|---|
| 001 | 100608 | ||
| 003 | ES-MaACL | ||
| 005 | 20230906182716.0 | ||
| 007 | t| | ||
| 008 | 050930s1944 sp ||||1| spa d | ||
| 100 | 1 |
_aMassis, Henri. _978833 |
|
| 245 | 1 | 0 |
_aErnesto Psichari / _cHenri Massis. |
| 260 |
_aMadrid : _bEdiciones y Publicaciones EspaƱolas, _c1944. |
||
| 300 |
_a263 p. ; _c17 cm. |
||
| 490 | 1 |
_aFiguras del pasado ; _v3 |
|
| 600 | 1 | 4 |
_aPsichari, Ernest. _994104 |
| 830 | 1 |
_aFiguras del pasado ; _v3 _9184575 |
|
| 852 |
_aES-MaACL _jA-3754 |
||
| 999 |
_c100608 _d100608 |
||